The skills searchers (Record no. 74620)

MARC details
000 -LEADER
fixed length control field 01073cab a2200217 4500
001 - CONTROL NUMBER
control field ABS68492
008 - FIXED-LENGTH DATA ELEMENTS--GENERAL INFORMATION
fixed length control field 041123n2004 000 0 eng u
035 ## - SYSTEM CONTROL NUMBER
System control number (Sirsi) u128088
100 ## - MAIN ENTRY--PERSONAL NAME
Personal name Johnson, R.
245 #4 - TITLE STATEMENT
Title The skills searchers
260 ## - PUBLICATION, DISTRIBUTION, ETC.
Date of publication, distribution, etc. 2004
490 ## - SERIES STATEMENT
Series statement Wastes Management
Volume/sequential designation November 2004, 36-37(2)
520 ## - SUMMARY, ETC.
Summary, etc. Discusses an initiative to increase the skills base in the waste management industry. Energy and Utility Skills is the sector skills council for electricity, gas, waste management and water industries. Its remit includes ensuring there is a suitably skilled workforce for the waste industry. The skills council will be undertaking research into existing and future needs of the industry, developing national occupational standards for qualifications, developing skills solutions and sharing best practice.
590 ## - LOCAL NOTE (RLIN)
Local note ABS
650 ## - SUBJECT ADDED ENTRY--TOPICAL TERM
Topical term or geographic name entry element INDUSTRY TRAINING
650 ## - SUBJECT ADDED ENTRY--TOPICAL TERM
Topical term or geographic name entry element WASTE INDUSTRY
650 ## - SUBJECT ADDED ENTRY--TOPICAL TERM
Topical term or geographic name entry element SKILLS SHORTAGE
650 ## - SUBJECT ADDED ENTRY--TOPICAL TERM
Topical term or geographic name entry element VOCATIONAL QUALIFICATIONS
690 ## - LOCAL SUBJECT ADDED ENTRY--TOPICAL TERM (OCLC, RLIN)
Topical term or geographic name as entry element ENVIRONMENTAL AND LAND CONSULTANCY-WASTE MANAGEMENT
942 ## - ADDED ENTRY ELEMENTS (KOHA)
Suppress in OPAC 0
Holdings
Withdrawn status Lost status Source of classification or shelving scheme Damaged status Not for loan Home library Current library Shelving location Date acquired Total Checkouts Full call number Barcode Date last seen Copy number Price effective from Koha item type
    Dewey Decimal Classification     London London Journal article 23/11/2004   ABS68492 128088-1001 06/08/2019 1 06/08/2019 Journal article